10 plus grandes villes par région française - Statistiques

Statistiques générales
  • Ce quiz a été pris 97 fois
  • Le résultat moyen est 79 sur 130
Statistiques - réponses
Région Habitants Villes % Correct
Auvergne Rhône-Alpes 157 477 Grenoble
95%
Auvergne Rhône-Alpes 522 250 Lyon
95%
Île-de-France 2 133 111 Paris
95%
Bretagne 139 619 Brest
93%
Bretagne 225 081 Rennes
93%
Auvergne Rhône-Alpes 172 718 Saint-Etienne
91%
Hauts-de-France 236 710 Lille
89%
Grand-Est 291 313 Strasbourg
89%
Nouvelle-Aquitaine 261 804 Bordeaux
86%
Auvergne Rhône-Alpes 147 327 Clermont-Ferrand
86%
Bourgogne Franche-Comté 159 346 Dijon
86%
Pays de la Loire 323 204 Nantes
86%
Normandie 108 200 Caen
85%
Bretagne 57 846 Lorient
85%
Bretagne 63 642 Quimper
85%
Auvergne Rhône-Alpes 131 715 Annecy
84%
Provence-Alpes Côte d'Azur 873 076 Marseille
84%
Provence-Alpes Côte d'Azur 348 085 Nice
84%
Corse 73 822 Ajaccio
82%
Pays de la Loire 54 952 La Roche-sur-Yon
82%
Occitanie 504 078 Toulouse
82%
Pays de la Loire 157 175 Angers
81%
Bourgogne Franche-Comté 119 198 Besançon
81%
Normandie 166 058 Le Havre
81%
Centre-Val de Loire 116 617 Orléans
81%
Grand-Est 179 380 Reims
81%
Bretagne 54 420 Vannes
81%
Corse 48 768 Bastia
80%
Auvergne Rhône-Alpes 59 856 Chambéry
80%
Hauts-de-France 86 788 Dunkerque
80%
Île-de-France 113 942 Saint-Denis
80%
Hauts-de-France 67 380 Calais
78%
Nouvelle-Aquitaine 78 535 La Rochelle
78%
Grand-Est 120 874 Metz
78%
Grand-Est 104 260 Nancy
78%
Normandie 114 083 Rouen
78%
Bretagne 47 323 Saint-Malo
78%
Centre-Val de Loire 137 658 Tours
78%
Auvergne Rhône-Alpes 64 483 Valence
78%
Grand-Est 67 730 Colmar
77%
Occitanie 302 454 Montpellier
77%
Bretagne 44 224 Saint-Brieuc
77%
Auvergne Rhône-Alpes 156 928 Villeurbanne
77%
Provence-Alpes Côte d'Azur 180 452 Toulon
76%
Hauts-de-France 133 625 Amiens
74%
Grand-Est 106 341 Mulhouse
74%
Nouvelle-Aquitaine 90 240 Poitiers
74%
Bourgogne Franche-Comté 34 778 Auxerre
73%
Nouvelle-Aquitaine 129 760 Limoges
73%
Centre-Val de Loire 63 702 Bourges
72%
Pays de la Loire 145 004 Le Mans
72%
Occitanie 148 104 Nîmes
72%
Grand-Est 43 877 Châlons-en-Champagne
70%
Nouvelle-Aquitaine 77 066 Pau
70%
Occitanie 119 656 Perpignan
70%
Hauts-de-France 98 892 Roubaix
70%
Hauts-de-France 99 011 Tourcoing
70%
Provence-Alpes Côte d'Azur 90 330 Avignon
68%
Centre-Val de Loire 42 968 Châteauroux
68%
Île-de-France 97 351 Nanterre
68%
Pays de la Loire 72 057 Saint-Nazaire
68%
Provence-Alpes Côte d'Azur 147 478 Aix-en-Provence
66%
Centre-Val de Loire 46 813 Blois
66%
Provence-Alpes Côte d'Azur 73 255 Cannes
66%
Pays de la Loire 49 657 Laval
65%
Grand-Est 62 782 Troyes
65%
Occitanie 80 341 Béziers
64%
Occitanie 46 218 Carcassonne
62%
Centre-Val de Loire 38 447 Chartres
62%
Île-de-France 92 989 Créteil
62%
Occitanie 49 714 Albi
61%
Nouvelle-Aquitaine 52 749 Bayonne
61%
Normandie 47 289 Evreux
61%
Corse 11 229 Porto-Vecchio
61%
Île-de-France 107 221 Argenteuil
59%
Bourgogne Franche-Comté 45 155 Belfort
59%
Bourgogne Franche-Comté 32 830 Nevers
59%
Hauts-de-France 42 991 Valenciennes
59%
Bourgogne Franche-Comté 34 448 Mâcon
58%
Occitanie 61 919 Montauban
58%
Île-de-France 119 808 Boulogne-Billancourt
57%
Pays de la Loire 53 936 Cholet
57%
Occitanie 56 395 Narbonne
57%
Nouvelle-Aquitaine 59 309 Niort
57%
Corse 5 746 Calvi
55%
Île-de-France 111 455 Montreuil
55%
Occitanie 44 712 Sète
55%
Grand-Est 46 398 Charleville-Mézières
54%
Hauts-de-France 56 677 Beauvais
53%
Provence-Alpes Côte d'Azur 75 130 Antibes
51%
Normandie 25 555 Alençon
50%
Hauts-de-France 52 958 Saint-Quentin
50%
Nouvelle-Aquitaine 75 729 Mérignac
49%
Nouvelle-Aquitaine 66 760 Pessac
49%
Auvergne Rhône-Alpes 66 363 Vénissieux
49%
Bourgogne Franche-Comté 45 031 Chalon-sur-Saône
47%
Normandie 28 358 Dieppe
47%
Bourgogne Franche-Comté 23 775 Dole
47%
Île-de-France 90 071 Aubervilliers
46%
Provence-Alpes Côte d'Azur 55 103 Hyères
45%
Normandie 77 808 Cherbourg-en-Cotentin
43%
Bourgogne Franche-Comté 25 573 Montbéliard
43%
Centre-Val de Loire 25 348 Vierzon
43%
Bretagne 20 607 Concarneau
42%
Corse 7 654 Corte
42%
Bretagne 20 653 Fougères
42%
Provence-Alpes Côte d'Azur 57 082 Fréjus
41%
Provence-Alpes Côte d'Azur 62 763 La Seyne-sur-Mer
38%
Hauts-de-France 62 067 Villeneuve-d'Ascq
36%
Centre-Val de Loire 30 879 Dreux
35%
Grand-Est 42 163 Thionville
32%
Île-de-France 96 205 Vitry-sur-Seine
32%
Nouvelle-Aquitaine 46 599 Brive-la-Gaillarde
31%
Centre-Val de Loire 38 183 Joué-les-Tours
31%
Pays de la Loire 42 998 Rezé
31%
Pays de la Loire 49 537 Saint-Herblain
31%
Bourgogne Franche-Comté 27 034 Sens
30%
Corse 9 678 Borgo
28%
Normandie 25 975 Le Grand-Quevilly
27%
Pays de la Loire 48 402 Les Sables-d'Olonne
27%
Corse 6 032 Furiani
26%
Auvergne Rhône-Alpes 52 139 Vaulx-en-Velin
26%
Île-de-France 89 662 Asnières-sur-Seine
22%
Corse 7 654 Biguglia
20%
Normandie 28 508 Saint-Etienne-du-Rouvray
20%
Bretagne 23 026 Lanester
18%
Normandie 28 965 Sotteville-lès-Rouen
18%
Centre-Val de Loire 22 855 Olivet
11%
Corse 6 091 Lucciana
5%
Corse 4 251 Bastelicaccia
3%
Aucun quiz correspondant
Distribution des résultats
% des personnes avec chaque résultat
Percentile par nombre de réponses
Votre historique - résultats
Vous n’avez pas pris ce quiz